[Event "RA-2023-0-00719"]
[Site "LSS email"]
[Date "2023.02.18"]
[Round "?"]
[White "Schubert, Steffen"]
[Black "Pilgram, Kurt"]
[Result "1/2-1/2"]
[WhiteElo "2017"]
[BlackElo "2138"]
[PlyCount "43"]
[EventDate "2022.11.13"]
[EventType "tourn (corr)"]
[EventRounds "6"]
[EventCountry "GER"]
[SourceTitle "Corr 2024"]
[Source "ChessBase"]
[SourceDate "2023.10.19"]
[SourceVersion "1"]
[SourceVersionDate "2023.10.19"]
[SourceQuality "1"]

1. e4 c5 2. Nf3 d6 3. d4 cxd4 4. Nxd4 Nf6 5. Nc3 a6 6. Be2 e5 7. Nb3 Be7 8. 0-0 0-0 9. Be3 Be6 10. Bf3 Nbd7 11. a4 Qc7 12. h3 h6 13. a5 b5 14. axb6 Nxb6 15. Na5 Rab8 16. Qd2 Rfd8 17. Nd5 Nbxd5 18. exd5 e4 19. dxe6 exf3 20. exf7+ Kxf7 21. Bd4 d5 22. Qd1 1/2-1/2

[Event "ZH-2022-0-02048"]
[Site "LSS email"]
[Date "2022.05.25"]
[Round "?"]
[White "Ozen, Bahadir"]
[Black "Pilgram, Kurt"]
[Result "1/2-1/2"]
[WhiteElo "2216"]
[BlackElo "2178"]
[PlyCount "85"]
[EventDate "2022.05.25"]
[EventType "match (corr)"]
[EventRounds "2"]
[EventCountry "GER"]
[SourceTitle "Corr 2024"]
[Source "ChessBase"]
[SourceDate "2023.10.19"]
[SourceVersion "1"]
[SourceVersionDate "2023.10.19"]
[SourceQuality "1"]

1. Nf3 c5 2. c4 d6 3. d4 cxd4 4. Nxd4 Nf6 5. Nc3 a6 6. g3 e6 7. Bg2 Be7 8. 0-0 0-0 9. Be3 Nbd7 10. b3 Ne5 11. h3 Rb8 12. f4 Ng6 13. Qe1 Bd7 14. f5 exf5 15. Nxf5 b5 16. Nxe7+ Qxe7 17. Bg5 Qe5 18. Bxf6 gxf6 19. Nd5 Kg7 20. Nxf6 Be6 21. cxb5 Rxb5 22. Rd1 a5 23. Rd3 Rc8 24. Qf2 Rc2 25. Ne8+ Kh8 26. Nxd6 Rxe2 27. Qf3 Rb8 28. Rf2 Rxf2 29. Qxf2 Kg8 30. Ne4 Bxh3 31. Re3 Qf5 32. Bxh3 Qxh3 33. Nf6+ Kg7 34. Ne8+ Kf8 35. Nd6 Qd7 36. Nxf7 Kg7 37. Ng5 Rc8 38. Re1 Rc6 39. Qe3 Kg8 40. Qf3 Kg7 41. Qe3 Kg8 42. Qf3 Kg7 43. Qe3 1/2-1/2

[Event "SM-2022-0-00470"]
[Site "LSS email"]
[Date "2022.05.20"]
[Round "?"]
[White "Pilgram, Kurt"]
[Black "Martin, Simone"]
[Result "1/2-1/2"]
[WhiteElo "2178"]
[BlackElo "2202"]
[PlyCount "53"]
[EventDate "2022.04.06"]
[EventType "tourn (corr)"]
[EventRounds "6"]
[EventCountry "GER"]
[SourceTitle "Corr 2024"]
[Source "ChessBase"]
[SourceDate "2023.10.19"]
[SourceVersion "1"]
[SourceVersionDate "2023.10.19"]
[SourceQuality "1"]

1. Nf3 Nf6 2. c4 e6 3. g3 d5 4. Bg2 d4 5. 0-0 c5 6. e3 Nc6 7. d3 Bd6 8. exd4 cxd4 9. Bg5 h6 10. Bxf6 Qxf6 11. Nbd2 Qe7 12. a3 a5 13. Re1 0-0 14. Nb3 Qf6 15. Nfd2 Bc7 16. Rc1 Rd8 17. Nc5 Qe7 18. Na4 Bd7 19. Be4 Ne5 20. f4 Ng6 21. c5 Nxf4 22. gxf4 Bxa4 23. Qxa4 Bxf4 24. Qc2 Qg5+ 25. Kh1 f5 26. Bxb7 Bxd2 27. c6 1/2-1/2

[Event "SM-2022-0-00470"]
[Site "LSS email"]
[Date "2022.05.20"]
[Round "?"]
[White "Pilgram, Kurt"]
[Black "Mesquita Jr, Fausto Monteiro"]
[Result "1/2-1/2"]
[WhiteElo "2178"]
[BlackElo "2204"]
[PlyCount "57"]
[EventDate "2022.04.06"]
[EventType "tourn (corr)"]
[EventRounds "6"]
[EventCountry "GER"]
[SourceTitle "Corr 2024"]
[Source "ChessBase"]
[SourceDate "2023.10.19"]
[SourceVersion "1"]
[SourceVersionDate "2023.10.19"]
[SourceQuality "1"]

1. d4 Nf6 2. c4 e6 3. Nf3 d5 4. Nc3 c6 5. e3 Nbd7 6. Be2 Bd6 7. Qc2 0-0 8. 0-0 Re8 9. b3 b6 10. Bb2 Bb7 11. Rad1 Qe7 12. Rfe1 Rad8 13. Bf1 e5 14. dxe5 Nxe5 15. Nd4 dxc4 16. bxc4 g6 17. h3 c5 18. f4 cxd4 19. exd4 Nf3+ 20. gxf3 Qf8 21. Ne4 Nxe4 22. fxe4 Bxf4 23. Bg2 Qe7 24. d5 Qd6 25. Qa4 Qc7 26. Rf1 Bc8 27. Bf6 Rd7 28. Rxf4 Qxf4 29. Rf1 1/2-1/2

[Event "SM-2022-0-00470"]
[Site "LSS email"]
[Date "2022.05.20"]
[Round "?"]
[White "Pilgram, Kurt"]
[Black "Ozen, Bahadir"]
[Result "1/2-1/2"]
[WhiteElo "2178"]
[BlackElo "2252"]
[PlyCount "54"]
[EventDate "2022.04.06"]
[EventType "tourn (corr)"]
[EventRounds "6"]
[EventCountry "GER"]
[SourceTitle "Corr 2024"]
[Source "ChessBase"]
[SourceDate "2023.10.19"]
[SourceVersion "1"]
[SourceVersionDate "2023.10.19"]
[SourceQuality "1"]

1. d4 Nf6 2. c4 e6 3. Nf3 d5 4. Nc3 c6 5. e3 Nbd7 6. Be2 Bd6 7. Qc2 dxc4 8. Bxc4 0-0 9. 0-0 a6 10. Rd1 b5 11. Bd3 Qc7 12. Bd2 c5 13. Ne4 c4 14. Nxd6 Qxd6 15. Be2 Bb7 16. b3 Bd5 17. Qb2 Ne4 18. Be1 Rfc8 19. Rac1 f6 20. Ba5 f5 21. Ne1 Nef6 22. f3 e5 23. dxe5 Qxe5 24. Qxe5 Nxe5 25. Bc3 Ned7 26. b4 Bb7 27. Bd4 a5 1/2-1/2

[Event "LSS SA-2022-0-00799"]
[Site "LSS email"]
[Date "2022.05.14"]
[Round "?"]
[White "Pilgram, Kurt"]
[Black "Csaba, Fodor"]
[Result "1/2-1/2"]
[WhiteElo "2173"]
[BlackElo "2062"]
[PlyCount "110"]
[EventDate "2022.04.05"]
[EventType "tourn (corr)"]
[EventRounds "6"]
[EventCountry "GER"]
[SourceTitle "Corr 2024"]
[Source "ChessBase"]
[SourceDate "2023.10.19"]
[SourceVersion "1"]
[SourceVersionDate "2023.10.19"]
[SourceQuality "1"]

1. d4 d5 2. c4 e6 3. Nc3 Nf6 4. cxd5 exd5 5. Bg5 Be7 6. e3 h6 7. Bh4 0-0 8. Bd3 c6 9. Nge2 Re8 10. 0-0 a5 11. Rc1 Nbd7 12. h3 Nh5 13. Bxe7 Qxe7 14. Re1 g6 15. Qd2 Qg5 16. Kh1 Ndf6 17. Ng1 Ne4 18. Nxe4 dxe4 19. Be2 Ng7 20. Bc4 Rd8 21. Qc2 Qh4 22. a3 Nh5 23. Kh2 Qe7 24. Ne2 Nf6 25. Ba2 Be6 26. Bxe6 Qxe6 27. Nf4 Qe7 28. Qb1 Ra6 29. Kg1 h5 30. Rc4 h4 31. Rc5 Nd7 32. Rc4 Kg7 33. Rec1 Nb6 34. Rc5 Nd7 35. R5c3 Nb6 36. Rc5 Nd7 37. R5c4 Nf6 38. Qc2 g5 39. Ne2 Rd5 40. Rc5 Rxc5 41. dxc5 Ra8 42. g4 hxg3 43. Nxg3 Qe5 44. Rd1 Rh8 45. Qc3 Qxc3 46. bxc3 Rxh3 47. Rb1 Ng4 48. Nxe4 Kg6 49. Rxb7 f5 50. Nd6 Rf3 51. Nc4 f4 52. exf4 Rxc3 53. Nxa5 Rxc5 54. Nxc6 Rxc6 55. fxg5 Nxf2 1/2-1/2

[Event "RM-2022-0-00263"]
[Site "LSS email"]
[Date "2022.04.23"]
[Round "?"]
[White "Pilgram, Kurt"]
[Black "Martin, Simone"]
[Result "1/2-1/2"]
[WhiteElo "2166"]
[BlackElo "2200"]
[PlyCount "41"]
[EventDate "2022.02.27"]
[EventType "tourn (corr)"]
[EventRounds "6"]
[EventCountry "GER"]
[SourceTitle "Corr 2024"]
[Source "ChessBase"]
[SourceDate "2023.10.19"]
[SourceVersion "1"]
[SourceVersionDate "2023.10.19"]
[SourceQuality "1"]

1. d4 Nf6 2. c4 g6 3. Nf3 Bg7 4. Nc3 d5 5. cxd5 Nxd5 6. e4 Nxc3 7. bxc3 c5 8. Rb1 0-0 9. Be2 cxd4 10. cxd4 Qa5+ 11. Bd2 Qxa2 12. 0-0 Bg4 13. Be3 Nc6 14. d5 Ne5 15. Rxb7 a5 16. Rxe7 a4 17. Re1 Rfb8 18. Bf4 Qb2 19. d6 Nxf3+ 20. Bxf3 a3 21. d7 1/2-1/2

[Event "RM-2022-0-00260"]
[Site "LSS email"]
[Date "2022.03.01"]
[Round "?"]
[White "Pilgram, Kurt"]
[Black "Chronopoulos, Antonios"]
[Result "1/2-1/2"]
[WhiteElo "2168"]
[BlackElo "2152"]
[PlyCount "38"]
[EventDate "2022.02.10"]
[EventType "tourn (corr)"]
[EventRounds "6"]
[EventCountry "GER"]
[SourceTitle "Corr 2024"]
[Source "ChessBase"]
[SourceDate "2023.10.19"]
[SourceVersion "1"]
[SourceVersionDate "2023.10.19"]
[SourceQuality "1"]

1. c4 e5 2. Nc3 Nf6 3. Nf3 Nc6 4. e4 Bb4 5. d3 d6 6. a3 Bxc3+ 7. bxc3 Nd7 8. g3 Nc5 9. Rb1 0-0 10. Be3 f5 11. exf5 e4 12. dxe4 Nxe4 13. Rc1 Bxf5 14. Bg2 Nf6 15. 0-0 Be4 16. Re1 Qd7 17. c5 dxc5 18. Bxc5 Qxd1 19. Rcxd1 Rfd8 1/2-1/2

[Event "RM-2022-0-00260"]
[Site "LSS email"]
[Date "2022.03.01"]
[Round "?"]
[White "Van Bommel, Ton"]
[Black "Pilgram, Kurt"]
[Result "1/2-1/2"]
[WhiteElo "2162"]
[BlackElo "2168"]
[PlyCount "104"]
[EventDate "2022.02.10"]
[EventType "tourn (corr)"]
[EventRounds "6"]
[EventCountry "GER"]
[SourceTitle "Corr 2024"]
[Source "ChessBase"]
[SourceDate "2023.10.19"]
[SourceVersion "1"]
[SourceVersionDate "2023.10.19"]
[SourceQuality "1"]

1. d4 Nf6 2. c4 e6 3. Nf3 d5 4. g3 Bb4+ 5. Nfd2 Nc6 6. a3 Bxd2+ 7. Nxd2 dxc4 8. Bg2 Qxd4 9. Qc2 e5 10. e3 Qd3 11. Qxc4 Bf5 12. Bxc6+ bxc6 13. Qxc6+ Ke7 14. Qc5+ Qd6 15. Qc3 Nd5 16. Qa5 Bd3 17. e4 Nb6 18. f4 Nd7 19. Qc3 Rhb8 20. Nf3 Bxe4 21. 0-0 Qc5+ 22. Qxc5+ Nxc5 23. fxe5 a5 24. Ng5 Bg6 25. Nh3 Ke8 26. Be3 Ne6 27. Rf2 Rb3 28. Re1 Rab8 29. Bc1 h6 30. Nf4 Ng5 31. Kg2 Be4+ 32. Kf1 Bf5 33. Kg2 Kd7 34. Rfe2 R8b5 35. e6+ Nxe6 36. Re5 Ng5 37. Rxb5 Rxb5 38. h4 Nh7 39. Ne2 Nf6 40. Nc3 Rc5 41. Be3 Rc4 42. Rd1+ Kc8 43. Rd4 Rc6 44. Kf3 Re6 45. Bf4 Bg4+ 46. Kf2 Bh3 47. Kf3 Bg4+ 48. Kf2 Rb6 49. b4 axb4 50. axb4 Be6 51. b5 Nd7 52. Rd1 Nf6 1/2-1/2

[Event "LSS SA-2022-0-00788"]
[Site "LSS email"]
[Date "2022.01.30"]
[Round "?"]
[White "Pilgram, Kurt"]
[Black "Cleto Junior, Dirceu"]
[Result "1-0"]
[WhiteElo "2166"]
[BlackElo "1972"]
[PlyCount "53"]
[EventDate "2021.12.30"]
[EventType "tourn (corr)"]
[EventRounds "6"]
[EventCountry "GER"]
[SourceTitle "Corr 2024"]
[Source "ChessBase"]
[SourceDate "2023.10.19"]
[SourceVersion "1"]
[SourceVersionDate "2023.10.19"]
[SourceQuality "1"]

1. d4 Nf6 2. c4 e6 3. Nf3 b6 4. g3 Ba6 5. b3 Bb4+ 6. Bd2 Be7 7. Bg2 c6 8. Bc3 d5 9. 0-0 0-0 10. Nbd2 Nbd7 11. Re1 Bb7 12. e4 dxe4 13. Nxe4 Nxe4 14. Rxe4 Bf6 15. Re3 c5 16. dxc5 Nxc5 17. b4 Nd7 18. Bxf6 Qxf6 19. Rc1 Rfd8 20. Rd3 Qe7 21. Qe2 Rac8 22. Rcd1 Bc6 23. Rd6 Nf8 24. Rxd8 Rxd8 25. Rxd8 Qxd8 26. Ne5 Qd6 27. Nxc6 1-0

[Event "LSS SA-2022-0-00788"]
[Site "LSS email"]
[Date "2022.01.30"]
[Round "?"]
[White "Pilgram, Kurt"]
[Black "Nowak, Ireneusz"]
[Result "1/2-1/2"]
[WhiteElo "2166"]
[BlackElo "2042"]
[PlyCount "65"]
[EventDate "2021.12.30"]
[EventType "tourn (corr)"]
[EventRounds "6"]
[EventCountry "GER"]
[SourceTitle "Corr 2024"]
[Source "ChessBase"]
[SourceDate "2023.10.19"]
[SourceVersion "1"]
[SourceVersionDate "2023.10.19"]
[SourceQuality "1"]

1. Nf3 Nf6 2. c4 c5 3. Nc3 Nc6 4. e3 e6 5. d4 d5 6. cxd5 exd5 7. Bb5 cxd4 8. Nxd4 Bd7 9. 0-0 Bd6 10. Nf3 Bg4 11. h3 Bh5 12. b3 a6 13. Be2 0-0 14. Bb2 Re8 15. Nd4 Nxd4 16. Bxh5 Ne6 17. Bf3 Be5 18. Rc1 Ng5 19. Ba1 Rc8 20. Bg4 Rc6 21. Bf5 g6 22. f4 Bxc3 23. Rxc3 Nge4 24. Rxc6 bxc6 25. Bxe4 Nxe4 26. Qd4 f6 27. b4 Qc7 28. Rc1 Qb7 29. a4 Kf7 30. Kh2 Re6 31. a5 h5 32. Qb6 Qc8 33. Qa7+ 1/2-1/2

[Event "LSS SA-2022-0-00788"]
[Site "LSS email"]
[Date "2022.01.30"]
[Round "?"]
[White "Van Bommel, Ton"]
[Black "Pilgram, Kurt"]
[Result "1/2-1/2"]
[WhiteElo "2167"]
[BlackElo "2166"]
[PlyCount "69"]
[EventDate "2021.12.30"]
[EventType "tourn (corr)"]
[EventRounds "6"]
[EventCountry "GER"]
[SourceTitle "Corr 2024"]
[Source "ChessBase"]
[SourceDate "2023.10.19"]
[SourceVersion "1"]
[SourceVersionDate "2023.10.19"]
[SourceQuality "1"]

1. d4 f5 2. g4 d5 3. g5 c5 4. c4 cxd4 5. Qxd4 e6 6. cxd5 Nc6 7. Qd1 exd5 8. Bg2 Bb4+ 9. Nd2 Qxg5 10. Bxd5 Nge7 11. Ngf3 Qf6 12. Bc4 Bd7 13. a3 Ba5 14. Rb1 Bc7 15. b4 Ng6 16. Bb2 Qe7 17. Qa4 0-0-0 18. b5 Na5 19. Rc1 Kb8 20. Bd3 Bc8 21. Kf1 b6 22. Rg1 Rhe8 23. Qb4 Bd6 24. Qc3 f4 25. Rc2 Bc5 26. Ne4 Bb7 27. Nxc5 bxc5 28. Ne1 c4 29. Rxg6 hxg6 30. Bxg6 Rh8 31. Qe5+ Qc7 32. Qxc7+ Kxc7 33. Be5+ Kb6 34. Bxf4 Kxb5 35. Rb2+ 1/2-1/2

[Event "RA-2021-0-00699"]
[Site "LSS email"]
[Date "2021.12.27"]
[Round "?"]
[White "Nowak, Ireneusz"]
[Black "Pilgram, Kurt"]
[Result "1/2-1/2"]
[WhiteElo "2043"]
[BlackElo "2167"]
[PlyCount "60"]
[EventDate "2021.12.11"]
[EventType "tourn (corr)"]
[EventRounds "6"]
[EventCountry "GER"]
[SourceTitle "Corr 2024"]
[Source "ChessBase"]
[SourceDate "2023.10.19"]
[SourceVersion "1"]
[SourceVersionDate "2023.10.19"]
[SourceQuality "1"]

1. e4 e5 2. Nf3 Nf6 3. Nxe5 d6 4. Nf3 Nxe4 5. d4 d5 6. Bd3 Bf5 7. 0-0 Be7 8. Re1 0-0 9. c4 Nc6 10. Nc3 Nxc3 11. bxc3 Bxd3 12. Qxd3 dxc4 13. Qxc4 Bd6 14. Rb1 Re8 15. Be3 h6 16. Qa4 Rb8 17. c4 Qd7 18. h3 b6 19. Bd2 Ne5 20. Qxd7 Nxd7 21. Nh4 Nf6 22. Be3 a6 23. Nf5 b5 24. Nxd6 cxd6 25. Rec1 bxc4 26. Rxb8 Rxb8 27. Rxc4 Nd5 28. Ra4 Nc7 29. Bf4 Rb6 30. Bd2 Rb1+ 1/2-1/2

[Event "RA-2021-0-00699"]
[Site "LSS email"]
[Date "2021.12.27"]
[Round "?"]
[White "Pilgram, Kurt"]
[Black "Chronopoulos, Antonios"]
[Result "1/2-1/2"]
[WhiteElo "2167"]
[BlackElo "2038"]
[PlyCount "52"]
[EventDate "2021.12.11"]
[EventType "tourn (corr)"]
[EventRounds "6"]
[EventCountry "GER"]
[SourceTitle "Corr 2024"]
[Source "ChessBase"]
[SourceDate "2023.10.19"]
[SourceVersion "1"]
[SourceVersionDate "2023.10.19"]
[SourceQuality "1"]

1. c4 e5 2. Nc3 Nf6 3. Nf3 Nc6 4. e4 Bb4 5. d3 d6 6. a3 Bxc3+ 7. bxc3 Nd7 8. g3 Nc5 9. Rb1 b6 10. Bg2 Qd7 11. 0-0 Ba6 12. Ne1 Ne7 13. Nc2 0-0 14. Ne3 b5 15. d4 Na4 16. Qd2 bxc4 17. dxe5 Rad8 18. exd6 Qxd6 19. Qc2 Nc5 20. Nd5 Nxd5 21. exd5 Qd7 22. Be3 Nd3 23. a4 f5 24. Qe2 Qf7 25. Bxa7 Rfe8 26. Be3 f4 1/2-1/2

[Event "LSS SA-2021-0-00782"]
[Site "LSS email"]
[Date "2021.12.12"]
[Round "?"]
[White "Pilgram, Kurt"]
[Black "Kazimierski, Tomasz"]
[Result "1/2-1/2"]
[WhiteElo "2163"]
[BlackElo "2153"]
[PlyCount "63"]
[EventDate "2021.11.22"]
[EventType "tourn (corr)"]
[EventRounds "6"]
[EventCountry "GER"]
[SourceTitle "Corr 2024"]
[Source "ChessBase"]
[SourceDate "2023.10.19"]
[SourceVersion "1"]
[SourceVersionDate "2023.10.19"]
[SourceQuality "1"]

1. d4 Nf6 2. c4 e6 3. Nf3 d5 4. g3 Bb4+ 5. Bd2 Be7 6. Qc2 c6 7. Bg2 b6 8. 0-0 0-0 9. Bf4 Bb7 10. Ne5 Nbd7 11. Rd1 Nh5 12. Bd2 Nhf6 13. cxd5 cxd5 14. Nc6 Qe8 15. Nxe7+ Qxe7 16. Rc1 Rfc8 17. Nc3 Ne4 18. Be1 a5 19. Qd1 h6 20. Rc2 Ndf6 21. Rac1 Ba6 22. Na4 Qd8 23. Rxc8 Rxc8 24. f3 Nd6 25. Rc2 Nd7 26. b3 Rxc2 27. Qxc2 b5 28. Nc5 Qc7 29. a3 Nf5 30. Qc3 Nxd4 31. Qxd4 Qxc5 32. Qxc5 1/2-1/2

[Event "LSS SA-2021-0-00780"]
[Site "LSS email"]
[Date "2021.12.06"]
[Round "?"]
[White "Pilgram, Kurt"]
[Black "Martin, Simone"]
[Result "1/2-1/2"]
[WhiteElo "2174"]
[BlackElo "2070"]
[PlyCount "44"]
[EventDate "2021.11.03"]
[EventType "tourn (corr)"]
[EventRounds "6"]
[EventCountry "GER"]
[SourceTitle "Corr 2024"]
[Source "ChessBase"]
[SourceDate "2023.10.19"]
[SourceVersion "1"]
[SourceVersionDate "2023.10.19"]
[SourceQuality "1"]

1. c4 e5 2. Nc3 Nf6 3. Nf3 Nc6 4. g3 d5 5. cxd5 Nxd5 6. Bg2 Bc5 7. 0-0 0-0 8. d3 Re8 9. Nxd5 Qxd5 10. Bd2 Qd6 11. Ng5 Qe7 12. Bxc6 bxc6 13. Qc2 h6 14. Ne4 Bd4 15. Be3 Rb8 16. Bxd4 exd4 17. Rfe1 Bf5 18. Nd2 Qb4 19. b3 Re6 20. f3 Rb5 21. Rac1 Qe7 22. Ne4 Rd5 1/2-1/2

[Event "LSS SA-2021-0-00780"]
[Site "LSS email"]
[Date "2021.12.06"]
[Round "?"]
[White "Pilgram, Kurt"]
[Black "Vaassen, Jack M"]
[Result "1/2-1/2"]
[WhiteElo "2174"]
[BlackElo "2047"]
[PlyCount "52"]
[EventDate "2021.11.03"]
[EventType "tourn (corr)"]
[EventRounds "6"]
[EventCountry "GER"]
[SourceTitle "Corr 2024"]
[Source "ChessBase"]
[SourceDate "2023.10.19"]
[SourceVersion "1"]
[SourceVersionDate "2023.10.19"]
[SourceQuality "1"]

1. c4 b6 2. Nf3 Bb7 3. d4 e6 4. g3 Bb4+ 5. Bd2 Bxf3 6. exf3 Bxd2+ 7. Qxd2 Nf6 8. d5 c6 9. Nc3 0-0 10. 0-0-0 Na6 11. f4 Rc8 12. Kb1 cxd5 13. cxd5 Nc7 14. Bg2 exd5 15. Nxd5 Nfxd5 16. Bxd5 Nxd5 17. Qxd5 Qf6 18. Rd2 Qg6+ 19. Qd3 Qxd3+ 20. Rxd3 Rfd8 21. Rhd1 Rc7 22. b3 Kf8 23. R1d2 Ke7 24. Re3+ Kf8 25. Red3 Ke7 26. Re3+ Kf8 1/2-1/2